| 000 | 00382cam a2200145ua 4500 | ||
|---|---|---|---|
| 041 |
_amal _h |
||
| 082 |
_a894.121 _bSUG/MU |
||
| 100 | _aSuganthakumari, . | ||
| 245 |
_aMuttuchippi / _cSugathakumari. _hTextual Documents |
||
| 260 |
_aCalicut : _bMathrubhumi Printing & Publishing Companty Ltd , _c1961. |
||
| 300 | _a80 ; . | ||
| 504 | _a | ||
| 942 | _cBK | ||
| 999 |
_c12358 _d12358 |
||